Quick Pick: Harry Potter Spells 'A' Quiz Stats

 Plays Quiz Updated Mar 18, 2018

Challenge
Share
Tweet
Embed
Score 0/10 Timer 00:30
8 Plays Today
% Correct
Avada Kedavra
94%
Accio
92.8%
Ascendio
92.4%
Alohomora
92.2%
Aguamenti
88.2%
Aparecium
65.2%
Avis
56.1%
Anapneo
50.5%
Anteoculatia
48.1%
Aberto
37.9%

Today's Daily Dose

Missing Word
Directed by David

Word Ladder
The Jungle Book

On This Day
July 17th II

You're not logged in!

Compare scores with friends on all Sporcle quizzes.
Join for Free
OR
Log In

You Might Also Like...

Show Comments

Extras

Top Quizzes Today


Score Distribution

Your Account Isn't Verified!

In order to create a playlist on Sporcle, you need to verify the email address you used during registration. Go to your Sporcle Settings to finish the process.

Report this User

Report this user for behavior that violates our Community Guidelines.

Details: